<?xml version="1.0" encoding="UTF-8"?>
<record
    xmlns:xsi="http://www.w3.org/2001/XMLSchema-instance"
    xsi:schemaLocation="http://www.loc.gov/MARC21/slim http://www.loc.gov/standards/marcxml/schema/MARC21slim.xsd"
    xmlns="http://www.loc.gov/MARC21/slim">

  <leader>00438cam a2200169ua 4500</leader>
  <controlfield tag="001">6050</controlfield>
  <controlfield tag="008">131106n        ii  |||gr||||Z||||||eng</controlfield>
  <datafield tag="040" ind1=" " ind2=" ">
    <subfield code="c">MAIN</subfield>
  </datafield>
  <datafield tag="082" ind1=" " ind2=" ">
    <subfield code="a">950</subfield>
  </datafield>
  <datafield tag="245" ind1=" " ind2=" ">
    <subfield code="a">Revolt In Tibet</subfield>
    <subfield code="c">By Frank Moraes</subfield>
  </datafield>
  <datafield tag="260" ind1=" " ind2=" ">
    <subfield code="a">Delhi:</subfield>
    <subfield code="b">Sterling Publishers (p) Ltd,</subfield>
    <subfield code="c">1966.</subfield>
    <subfield code="a">Jullundur:</subfield>
  </datafield>
  <datafield tag="300" ind1=" " ind2=" ">
    <subfield code="a">x,220p.</subfield>
  </datafield>
  <datafield tag="653" ind1=" " ind2=" ">
    <subfield code="a">History of Asia Far East</subfield>
  </datafield>
  <datafield tag="653" ind1=" " ind2=" ">
    <subfield code="a">Revolt In Tibet</subfield>
  </datafield>
  <datafield tag="700" ind1=" " ind2=" ">
    <subfield code="a">Moraes,Frank,</subfield>
    <subfield code="e">Author.</subfield>
  </datafield>
  <datafield tag="942" ind1=" " ind2=" ">
    <subfield code="c">BK</subfield>
  </datafield>
  <datafield tag="999" ind1=" " ind2=" ">
    <subfield code="c">5203</subfield>
    <subfield code="d">5203</subfield>
  </datafield>
  <datafield tag="952" ind1=" " ind2=" ">
    <subfield code="0">0</subfield>
    <subfield code="1">0</subfield>
    <subfield code="4">0</subfield>
    <subfield code="7">0</subfield>
    <subfield code="a">MAIN</subfield>
    <subfield code="b">MAIN</subfield>
    <subfield code="c">GEN</subfield>
    <subfield code="d">2020-09-19</subfield>
    <subfield code="l">0</subfield>
    <subfield code="o">950 | MOR</subfield>
    <subfield code="p">273</subfield>
    <subfield code="r">2020-09-19 00:00:00</subfield>
    <subfield code="t">1</subfield>
    <subfield code="w">2020-09-19</subfield>
    <subfield code="y">BK</subfield>
  </datafield>
</record>
